000 01219njm a22002777a 4500
005 2010090400370.0
007 sd ammalaaahaa
008 100904t xxu||||| |||| 00| 0 hin d
028 _aN. 53182
_bHis Master's Voice
028 _aOJE. 14866
_bHis Master's Voice
028 _aOJE. 15201
_bHis Master's Voice
035 _aGR-647
040 _aSED/VEN
100 _aRafi, Mohammed
_91184
245 _aBambai Ka Babu Part 1:
_bHindustani /
_cby Mohammed Rafi; Music by S.D. Burman; Lyric by Majrooh
_h[Sound Recording] :
246 _aबम्बई का बाबू (मोहम्मद रफ़ी)
260 _aDum Dum, India :
_bHis Master's Voice
300 _a1 sound disc [Gramophone Recording] :
_banalog, 33 1/3 rpm ;
_c10 in.
_fGramophone Records
500 _aBrief Records
505 _aसाथी ना कोई मंजिल (बम्बई का बाबू) (मोहम्मद रफ़ी), चलरी सजनी (मुकेश) Part 2
650 _aClassical Music
_xExcerpts
_zIndia
_918309
700 _aRafi, Mohammed
_918319
700 _aMukesh
_918320
942 _2ddc
_cGR
999 _c43748
_d43748